Siyasete adanan hayat (Record no. 4902)

MARC details
000 -BAŞLIK
Sabit Uzunlukta Kontrol Alanı 00700na a2200229 4500
001 - KONTROL NUMARASI
Denetim Alanı 19925
003 - KONTROL NUMARASI IDENTIFIER
Denetim Alanı MIRAKIL
005 - SON İŞLEM TARİHİ VE ZAMANI
Denetim Alanı 20181213155021.0
008 - SABİT-BOY VERİ ELEMANLARI - GENEL BİLGİLER
Sabit Uzunlukta Kontrol Alanı 161228b tu 000 0
020 ## - ULUSLARARASI STANDART KİTAP NUMARASI
Uluslararası Standart Kitap Numarası 9786058449121
040 ## - KATALOGLAMA KAYNAK
Orijinal Kataloglama Ajansı Milas
Kataloglama Dili tur
Metne Dönüştürmek Ajansı TR-AnCHP
041 ## - DİL KODU
Metin / Ses Parça Veya Ayrı Başlığın Dil Kodu tur
082 ## - DEWEY ONLU SINIFLANDIRMA NUMARASI
Sınıflandırma Numarası CHP 923.2 Arslan, K.
Ürün Numarası A67 2015
090 ## - SINIFLAMA NUMARASI
Sınıflama Numarası CHP 923.2 Arslan, K. A67 2015
100 ## - ANA GİRİŞ - KİŞİSEL İSİM
Kişisel Ad Arslan, Kazım
245 ## - BAŞLIK TABLOSU
Başlık Siyasete adanan hayat
Başlığın Kalan görüşler-yorumlar-makaleler
Sorumluluk Tablosu, Vb Kazım Arslan ; editör M. Halil Arık
246 ## - UNVAN FORM VARYING
Başlık Doğru / Kısa Başlığı Görüşler-yorumlar-makaleler
260 ## - YAYIN, DAĞITIM, VB
Yayın, Dağıtım, Vb Yeri Denizli
Yayıncı, Dağıtıcı, Vs Adı Bilal Ofset Basım-Yayın&Matbaacılık
Yayın, Dağıtım, Vb Tarihi 2015
300 ## - FİZİKSEL TANIM
Kapsam 304 s.
Boyutlar 19 sm.
700 ## - KATMA GİRİŞ - KİŞİSEL İSİM
Kişisel Ad Arık, M. Halil
942 ## - EKLENDİ GİRİŞ ELEMANLARI (KOHA)
Sınıflandırma Veya Raf Düzeni Kaynak Dewey Decimal Classification
Koha Öğesi Türü Books
999 ## - SİSTEM KONTROL NUMARALARI (KOHA)
Koha Biblionumber 4902
Koha Biblioitemnumber 4902
Holdings
Kalıcı Konum Mevcut Konum Edinme Tarihi Edinim Kaynak Toplam Check-Out'Lar Tam Çağrı Numarası Barkod Tarih Son Görülme İtibaren Geçerli Fiyatlar Koha Öğesi Türü
CHP Kütüphanesi CHP Kütüphanesi 12/28/2016 Bağış   CHP 923.2 Arslan, K. A67 2015 010888 12/28/2016 12/28/2016 Books